| Tag |
First Indicator |
Second Indicator |
Subfields |
| LEADER |
00000cas a2200000Ia 4500 |
| 001 |
in00002490721 |
| 005 |
20151110095353.0 |
| 006 |
m d |
| 007 |
cr cnu|||||||| |
| 008 |
020322c19859999enkqr pss 0 0eng d |
| 019 |
|
|
|a 49342629
|
| 022 |
|
|
|y 0266-0784
|y 1474-0567
|
| 029 |
1 |
|
|a OCLCS
|b 7498
|
| 029 |
1 |
|
|a OCLCS
|b OP-13866
|
| 035 |
|
|
|a (OCoLC)ocm49377249
|
| 035 |
|
|
|a (OCoLC)49377249
|z (OCoLC)49342629
|
| 037 |
|
|
|b Cambridge University Press, The Edinburgh Building, Shaftesbury Road, Cambridge CB2 2RU, United Kingdom
|
| 040 |
|
|
|a TXH
|c TXH
|d OCLCQ
|d F#A
|d TXA
|d UtOrBLW
|
| 049 |
|
|
|a TXAM
|
| 050 |
|
4 |
|a PE1001
|b .E37 Electronic
|
| 082 |
0 |
4 |
|a 420
|
| 130 |
0 |
|
|a English today (Online)
|
| 245 |
1 |
0 |
|a English today.
|
| 264 |
|
1 |
|a [Cambridge, England] :
|b Cambridge University Press.
|
| 310 |
|
|
|a Quarterly
|
| 336 |
|
|
|a text
|b txt
|2 rdacontent
|
| 337 |
|
|
|a computer
|b c
|2 rdamedia
|
| 338 |
|
|
|a online resource
|b cr
|2 rdacarrier
|
| 362 |
1 |
|
|a Print began with ET1 (Jan. 1985).
|
| 500 |
|
|
|a Title from title screen (viewed Mar. 22, 2002).
|
| 530 |
|
|
|a Also issued in print.
|
| 538 |
|
|
|a Mode of access: World Wide Web.
|
| 500 |
|
|
|a Electronic resource.
|
| 650 |
|
0 |
|a English language
|v Periodicals.
|
| 650 |
|
0 |
|a English language
|x Study and teaching
|v Periodicals.
|
| 776 |
1 |
|
|t English today
|x 0266-0784
|w (DLC) 85642431
|w (OCoLC)11908022
|
| 948 |
|
|
|a cataloged
|b h
|c 2009/4/23
|d c
|e spoltoratski
|
| 994 |
|
|
|a C0
|b TXA
|
| 999 |
|
|
|a MARS
|
| 999 |
f |
f |
|s 1396273a-ca87-3903-a2de-0d997345997b
|i 661bc28e-e7fe-3d52-be30-89120c79f93c
|t 0
|
| 952 |
f |
f |
|a Texas A&M University
|b College Station
|c Electronic Resources
|d Available Online
|t 0
|e PE1001 .E37
|g Electronic
|h Library of Congress classification
|
| 998 |
f |
f |
|a PE1001 .E37
|t 0
|l Available Online
|